| 000 | 01978cam a2200289 a 4500 | ||
|---|---|---|---|
| 001 | 17872949 | ||
| 005 | 20150421100809.0 | ||
| 008 | 130830t2014 pauak frb 001 0 eng d | ||
| 010 | _a2013035526 | ||
| 020 | _a9781451190311 (pbk.) | ||
| 020 | _a145119031X (pbk.) | ||
| 040 |
_aDNLM/DLC _cDLC _dDLC _dEG-ScBUE |
||
| 082 | 0 | 0 |
_a610.73 _222 _bMCE |
| 100 | 1 |
_aMcEwen, Melanie. _937672 |
|
| 245 | 1 | 0 |
_aTheoretical basis for nursing / _cMelanie McEwen, Evelyn M. Wills. |
| 250 | _a4th ed. | ||
| 260 |
_aPhiladelphia : _bWolters Kluwer / Lippincott Williams & Wilkins, _cc.2014. |
||
| 300 |
_axvi, 574 p. : _bforms, tables ; _c26 cm. |
||
| 504 | _aIncludes bibliographical references and indexes. | ||
| 505 | 0 | _aPhilosophy, science, and nursing -- Overview of theory in nursing -- Concept development : clarifying meaning of terms -- Theory development : structuring conceptual relationships in nursing -- Theory analysis and evaluation -- Overview of grand nursing theories -- Grand nursing theories based on human needs -- Grand nursing theories based on interactive process -- Grand nursing theories based on unitary process -- Introduction to middle range nursing theories -- Overview of selected middle range nursing theories -- Evidence-based practice and nursing theory -- Theories from the sociologic sciences -- Theories from the behavioral sciences -- Theories from the biomedical sciences -- Theories, models, and frameworks from leadership and management -- Learning theories -- Application of theory in nursing practice -- Application of theory in nursing research -- Application of theory in nursing administration and management -- Application of theory in nursing education -- Future issues in nursing theory. | |
| 650 | 0 |
_aNursing Theory _2BUEsh _936317 |
|
| 653 |
_bNNUR _cApril2015 |
||
| 655 |
_vreading book _934232 |
||
| 700 | 1 |
_aWills, Evelyn M. _937673 |
|
| 942 | _2ddc | ||
| 999 |
_c19204 _d19176 |
||